Ground-water levels in Alabama : 1985 water year (October 1, 1984-September 30, 1985) /

Bibliographic Details
Main Author: Moore, James D.
Corporate Authors: Geological Survey (U.S.), Geological Survey of Alabama
Other Authors: Moser, Paul H., Gillett, Blakeney
Format: Book
Language:English
Published: Tuscaloosa, Ala. : Geological Survey of Alabama, 1986.
Series:Circular (Geological Survey of Alabama) ; 112E.
Subjects:

MARC

Tag First Indicator Second Indicator Subfields
LEADER 00000cam a2200000 a 4500
001 in00000016690
005 20151007052834.0
008 860801s1986 aluab b s00010 eng d
035 |a (OCoLC)13997950 
035 |9 AAA9385AM 
040 |a GIS  |c GIS  |d m/c  |d TXA  |d UtOrBLW 
049 |a TXAM  |c [A11055154] 
050 4 |a QE81  |b .A16 no. 112E 
100 1 |a Moore, James D. 
245 1 0 |a Ground-water levels in Alabama :  |b 1985 water year (October 1, 1984-September 30, 1985) /  |c by James D. Moore, Paul H. Moser, and Blakeney Gillett ; in cooperation with the U.S. Geological Survey. 
264 1 |a Tuscaloosa, Ala. :  |b Geological Survey of Alabama,  |c 1986. 
300 |a 324 pages :  |b illustrations, maps ;  |c 27 cm. 
336 |a text  |b txt  |2 rdacontent 
337 |a unmediated  |b n  |2 rdamedia 
338 |a volume  |b nc  |2 rdacarrier 
490 1 |a Circular / Geological Survey of Alabama ;  |v 112E 
500 |a One folded map in pocket. 
504 |a Bibliography: pages 6-7. 
650 0 |a Groundwater  |z Alabama. 
700 1 |a Moser, Paul H. 
700 1 |a Gillett, Blakeney. 
710 2 |a Geological Survey (U.S.) 
710 2 |a Geological Survey of Alabama. 
830 0 |a Circular (Geological Survey of Alabama) ;  |v 112E. 
999 |a MARS 
999 f f |s 790917f7-1fe2-3bc4-93df-b18961a6cbdf  |i 80b64ed9-febf-3083-a636-9b206e9d8b12  |t 0 
952 f f |p ric  |a Texas A&M University  |b Rellis Campus  |c Joint Library Facility  |d Remote Storage  |t 0  |e QE81 .A16 no.112E  |h Library of Congress classification  |i unmediated -- volume  |m A14811055154 
998 f f |a QE81 .A16 no.112E  |t 0  |l Remote Storage